| 000 | 00439nam a2200181Ia 4500 | ||
|---|---|---|---|
| 008 | 220531s9999 xx 000 0 und d | ||
| 041 | _aeng | ||
| 082 | _bKOT | ||
| 100 |
_aKotibhaskar, J. And Others _931465 |
||
| 245 | _aCost And Works Accounting | ||
| 250 | _a1ST | ||
| 260 |
_bSuvichar _c1992 |
||
| 300 | _a370 | ||
| 542 | _d01-03-1992 | ||
| 650 |
_acosting _931466 |
||
| 906 |
_d1991-1992 _d2015-2016 _f2402 |
||
| 999 |
_c19703 _d19703 |
||